000 00393nam a2200145Ia 4500
008 090124s9999 xx 000 0 und d
082 _b303680
245 _a अंधार काजवा
250 _a1
260 _bकानसकर किसन
_c1998
300 _a160
630 _a अंधार काजवा
730 _a अंधार काजवा
942 _cBOOK
999 _c193317
_d193317